LEADER 02094nam 2200577 a 450 001 9910779602203321 005 20200520144314.0 010 $a1-62618-027-X 035 $a(CKB)2550000001044079 035 $a(EBL)3022069 035 $a(SSID)ssj0000860019 035 $a(PQKBManifestationID)12450192 035 $a(PQKBTitleCode)TC0000860019 035 $a(PQKBWorkID)10901931 035 $a(PQKB)11050256 035 $a(MiAaPQ)EBC3022069 035 $a(Au-PeEL)EBL3022069 035 $a(CaPaEBR)ebr10686613 035 $a(OCoLC)923667689 035 $a(EXLCZ)992550000001044079 100 $a20130215d2013 uy 0 101 0 $aeng 135 $aur|n|---||||| 181 $ctxt 182 $cc 183 $acr 200 00$aBeyond well-being$b[electronic resource] $ethe fascination of risk and of the new psychological addictions /$fLaura Tappata?, editor 210 $aHauppauge, N.Y. $cNova Science Publishers$d2013 215 $a1 online resource (173 p.) 225 1 $aPsychology of emotions, motivations and actions 300 $aDescription based upon print version of record. 311 $a1-62417-969-X 320 $aIncludes bibliographical references and index. 327 $aForeword -- Introduction -- Theories and methods in health psychology : in search of well-being -- The fascination of risk : a compulsory choice for young people? -- The post-modern identity and sensation seeking : a reflection on binge drinking -- The fascination of the new non-drug addictions -- Conclusion -- References -- Index. 410 0$aPsychology of emotions, motivations, and actions series. 606 $aWell-being 606 $aSelf-esteem 606 $aQuality of life 615 0$aWell-being. 615 0$aSelf-esteem. 615 0$aQuality of life. 676 $a155.2/5 700 $aTappata?$b Laura$01551675 701 $aTappata?$b Laura$01551675 801 0$bMiAaPQ 801 1$bMiAaPQ 801 2$bMiAaPQ 906 $aBOOK 912 $a9910779602203321 996 $aBeyond well-being$93811328 997 $aUNINA LEADER 01290nam0 22003131i 450 001 UON00329043 005 20231205104212.873 100 $a20090824d1922 |0itac50 ba 101 $aita$aRUM 102 $aRO 105 $a|||| 1|||| 200 1 $aApologeticum$fQ. Septimii Florentis Tertulliani$gtext insotit de o introducere si note explicative de I. N. Dianu 205 $a3. ed 210 $aBucuresti$cTipografia "Reforma Sociala"$d1922 215 $a170 p.$d21 cm. 410 1$1001UON00088028$12001 $aProsatori di Roma$v90 500 1$3UON00363696$aApologeticum$920087 620 $aRO$dBucure?ti$3UONL000071 676 $a870$cLetteratura latina$v21 700 1$aTERTULLIANUS$bQuintus Septimius Florens$3UONV058128$0153105 702 1$aRESTA BARRILE$bAnna$3UONV061375 712 $aTipografia "Reforma Sociala"$3UONV275876$4650 790 0$aTERTULLIANO$zTERTULLIANUS, Quintus Septimius Florens$3UONV058129 801 $aIT$bSOL$c20240220$gRICA 899 $aSIBA - SISTEMA BIBLIOTECARIO DI ATENEO$2UONSI 912 $aUON00329043 950 $aSIBA - SISTEMA BIBLIOTECARIO DI ATENEO$dSI FONDO ONCIULESCU A 0553 $eSI MR 8708 5 0553 $sDeteriorato 996 $aApologeticum$920087 997 $aUNIOR LEADER 02424nam0 22004453i 450 001 SBL0378996 005 20251003044353.0 020 $aIT$b721204 100 $a19910930d1970 ||||0itac50 ba 101 | $aita 102 $ait 181 1$6z01$ai $bxxxe 182 1$6z01$an 200 1 $aMemorie storiche del mio tempo$fGiuseppe Maria Galanti$ga cura di Domenico Demarco 210 $aNapoli$c[s.n.]$d1970$eErcolano$gPoligrafica & e cartevalori 215 $a175 p., [8] c. di tav.$cill.$d25 cm 225 | $aBiblioteca degli Annali dell'Istituto di storia economica e sociale$fUniversità degli Studi di Napoli$v16 300 $aTiratura di 1000 esemplari. 410 0$1001NAP0062961$12001 $aBiblioteca degli Annali dell'Istituto di storia economica e sociale$fUniversità degli Studi di Napoli$v16 606 $aGALANTI, GIUSEPPE MARIA$xAUTOBIOGRAFIE E MEMORIE$2FIR$3IEIC132126$9I 676 $a330.092$9Scienze economiche. Persone.$v20 676 $a923$9BIOGRAFIA. SOVRANI, UOMINI POLITICI, MILITARI, EDUCATORI, ETC.$v17 696 $aAutobiografie$aMemorie 699 $aAutobiografie e memorie$xAutobiografie$xMemorie 700 1$aGalanti$b, Giuseppe Maria$3CFIV038234$4070$036576 702 1$aDemarco$b, Domenico$3CFIV087552 801 3$aIT$bIT-000000$c19910930 850 $aIT-BN0095 $aIT-BN0013 $aIT-NA0043 $aIT-AV0007 $aIT-NA0079 $aIT-NA0228 $aIT-BN0015 $aIT-NA0097 901 $bNAP BN$cSEZ.NAP. $n$ 901 $bNAP 46$cSEZ BENEV $n$ 901 $bNAP BN$cF.PONTIERI$nIl Fondo è escluso dal servizio di prestito. La consegna dei documenti è effettuata dall'Ufficio Distribuzione 901 $bNAP AV$cSEZ. M $nSezione Moderna 901 $bNAP 01$cPOZZO LIB.$nVi sono collocati fondi di economia, periodici di ingegneria e scienze, periodici di economia e statistica e altri fondi comprendenti documenti di economia pervenuti in dono. 901 $bNAP DO$cCAVEAU $n$ 901 $bNAP PB$cSEZ LOCALE$n$ 912 $aSBL0378996 950 0$aBiblioteca Centralizzata di Ateneo$c1 v.$d 01POZZO LIB.ECON MON 9624$e 0101 0000085825E VMA 1 v. (precedente collocazione: GUERRAZZI C 26)$fB $h20070907$i20070907 977 $a 01$a 46$a AN$a AV$a BN$a DO$a PB$a SP 996 $aMemorie storiche del mio tempo$967670 997 $aUNISANNIO